Not Necessarily Dynamic Duos - Statistics

General Stats
  • This quiz has been taken 36 times
  • The average score is 14 of 20
Answer Stats
% Correct
Shakespeare's star-crossed lovers: Romeo and Juliet
100%
US couple whose crime spree ended in their deaths in 1934: Bonnie and Clyde
97%
The Caped Crusaders: Batman and Robin
97%
1950s animated Disney film about two dogs: Lady and the Tramp
94%
Animated series created in 1940 starring a cat and mouse: Tom and Jerry
91%
Movie about two women on a road trip: Thelma and Louise
89%
Two Muppets often in skits together: Bert and Ernie
86%
Leaders of the exploratory expedition into the American West 1804 - 1806: Lewis and Clark
80%
1990s animated series starring a chihuahua and a cat: Ren and Stimpy
77%
Pop music couple of the 1960s US: Sonny and Cher
71%
Early twentieth century British comedy duo: Laurel and Hardy
69%
US animated series ending in 1964 starring a squirrel and a moose: Rocky and Bullwinkle
66%
Wild West crimefighters on horseback: The Lone Ranger and Tonto
66%
London's museum of art and design bears the name of royal couple Victoria and Albert
54%
Authors of the Communist Manifesto: Marx and Engels
51%
Pottsylvanian spy couple often featured in the above: Boris and Natasha
49%
1971 black humor film about lovers separated by some years in age: Harold and Maude
46%
Sisters of Marge Simpson: Patty and Selma
37%
Last tsar and tsarina of Russia: Nicholas and Alexandra
34%
Short story and novella published by J.D. Salinger around 1960: Franny and Zooey
31%
No matching quizzes found
Score Distribution
Percent of People with Each Score
Percentile by Number Answered
Your Score History
You have not taken this quiz